Normal view
MARC view
- Suter, Bruce W
Entry Personal Name
001 - CONTROL NUMBER
- control field: 104933
003 - CONTROL NUMBER IDENTIFIER
- control field: NUST
005 - DATE AND TIME OF LATEST TRANSACTION
- control field: 20221215114548.0
008 - FIXED-LENGTH DATA ELEMENTS
- fixed length control field: 221215|| aca||aabn | a|a d
040 ## - CATALOGING SOURCE
- Original cataloging agency: NUST
- Transcribing agency: NUST
100 ## - HEADING--PERSONAL NAME
- Personal name: Suter, Bruce W
670 ## - SOURCE DATA FOUND
- Source citation: Work cat.: (NUST)0: Suter, Bruce W., Multirate and wavelet signal processing /, c1998.
